| 000 | 00361nam a22001697a 4500 | ||
|---|---|---|---|
| 003 | NUST | ||
| 020 | _a978-81-315-2474-9 | ||
| 038 | _aKhadija | ||
| 082 |
_a620.1123 _bGER |
||
| 100 |
_aGere, James M. _92985 |
||
| 245 | _aMechanics Of Materials | ||
| 250 | _a8th | ||
| 300 |
_a1098 p. ; _b25 cm. |
||
| 500 | _aPaperback. | ||
| 563 | _aPB | ||
| 942 |
_cBK _2ddc |
||
| 999 |
_c33746 _d33746 |
||